Statistiken für Satellitenbilder #2

Klicken Sie hier um das Quiz zu spielen!

Allgemein

  • Dieses Quiz wurde 1,190 mal gespielt
  • Das Durchschnittsergebnis liegt bei 14 aus 17

Antwortstatistiken

Answer % Korrekt
Afrika
99%
Frankreich
97%
Florida
97%
Indien
96%
Alpen
95%
Norwegen
94%
Türkei
93%
Südafrika
91%
Panama
89%
Neuseeland
84%
Korea
79%
Iberische Halbinsel
78%
Venedig
75%
Golf von Mexiko
64%
Sinai
55%
Ägäisches Meer
49%
Persischer Golf
39%

Verteilung der Resultate

Perzentil nach korrekt beantworteten Fragen

Anzahl Personen mit jedem Resultat

Ihre Resultats-Entwicklung

Sie haben dieses Quiz noch nicht gespielt